Nominations of Hon. James C. Miller, III and Hon. Katherine C. Tobin : hearing before the Committee on Homeland Security and Governmental Affairs, United States Senate, One Hundred Twelfth Congress, second session : nominations of Hon. James C. Miller, III and Hon. Katherine C. Tobin to be governors, U.S. Postal Service, June 21, 2012.

Bibliographic Details
Corporate Author: United States. Congress. Senate. Committee on Homeland Security and Governmental Affairs
Format: Government Document eBook
Language:English
Published: Washington : U.S. G.P.O., 2012.
Series:S. hrg. ; 112-538
Subjects:
Online Access:https://purl.fdlp.gov/GPO/gpo30955

MARC

Tag First Indicator Second Indicator Subfields
LEADER 00000cam a2200000 a 4500
001 in00002787850
005 20211120170506.0
006 m o d f
007 cr bn|||||||||
008 121106s2012 dcu ob f000 0 eng c
035 |a (OCoLC)ocn816118498 
040 |a GPO  |c GPO  |d OCLCO  |d SEN  |d GPO  |d MvI  |d UtOrBLW 
042 |a pcc 
043 |a n-us--- 
049 |a WWW 
050 1 4 |a KF26  |b .H63 2012i 
074 |a 1037-D (online) 
086 0 |a Y 4.G 74/9:S.HRG.112-538 
110 1 |a United States.  |b Congress.  |b Senate.  |b Committee on Homeland Security and Governmental Affairs. 
245 1 0 |a Nominations of Hon. James C. Miller, III and Hon. Katherine C. Tobin :  |b hearing before the Committee on Homeland Security and Governmental Affairs, United States Senate, One Hundred Twelfth Congress, second session : nominations of Hon. James C. Miller, III and Hon. Katherine C. Tobin to be governors, U.S. Postal Service, June 21, 2012. 
264 1 |a Washington :  |b U.S. G.P.O.,  |c 2012. 
300 |a 1 online resource (iii, 109 pages). 
336 |a text  |b txt  |2 rdacontent 
337 |a computer  |b c  |2 rdamedia 
338 |a online resource  |b cr  |2 rdacarrier 
490 1 |a S. hrg. ;  |v 112-538 
500 |a Title from title screen (viewed on Nov.6 , 2012). 
504 |a Includes bibliographical references. 
500 |a Electronic resource. 
600 1 0 |a Miller, James Clifford. 
600 1 0 |a Tobin, Katherine C.  |q (Katherine Colleen),  |d 1950- 
610 2 0 |a United States Postal Service.  |b Board of Governors  |x Officials and employees  |x Selection and appointment. 
776 0 8 |i Print version:  |a United States. Congress. Senate. Committee on Homeland Security and Governmental Affairs.  |t Nominations of Hon. James C. Miller, III and Hon. Katherine C. Tobin  |w (OCoLC)818363005 
776 0 8 |i Microfiche version:  |a United States. Congress. Senate. Committee on Homeland Security and Governmental Affairs.  |t Nominations of Hon. James C. Miller, III and Hon. Katherine C. Tobin  |w (OCoLC)827225801 
810 1 |a United States.  |b Congress.  |b Senate.  |t S. hrg. ;  |v 112-538. 
856 4 0 |u https://purl.fdlp.gov/GPO/gpo30955  |t 0 
999 |a MARS 
999 f f |s 4388e31e-3bca-36d6-8bce-636001d20194  |i 0bc80f3b-9fbe-3ef4-a6f8-fa0fb234edf8  |t 0 
952 f f |a Texas A&M University  |b College Station  |c Electronic Resources  |d Available Online  |t 0  |e Y 4.G 74/9:S.HRG.112-538  |h Superintendent of Documents classification 
998 f f |a Y 4.G 74/9:S.HRG.112-538  |t 0  |l Available Online